000 00531nam a2200181 a 4500
005 20140311163015.0
008 061221s19uu xx 00 eng d
020 _a0715314998
050 _aTR 146
_b.B9558 2003
100 _aBusselle, Michael
245 _a100 ways to make better Photographs /
_cMichael Busselle
260 _aCincinnati, Ohio :
_bF&W Publications, Inc,
_c2003.
300 _a128 p. :
_bill. col. ;
_c25 cm.
521 _aBSBA
650 _aPhotography
_xTechnique.
942 _cBK
_2lcc
_kFOR
999 _c39417
_d39417